| 000 | 00915nam a22002535a 4500 | ||
|---|---|---|---|
| 003 | OSt | ||
| 005 | 20170313153124.0 | ||
| 008 | 170313s2015 ua frb 000 0 ara d | ||
| 015 | _a2015 / 17918 | ||
| 020 | _a9789770478813 | ||
| 040 |
_aEG-ScBUE _bara _cEG-ScBUE |
||
| 043 | _af-ua--- | ||
| 082 | 0 | 4 |
_a347.62 _bع ب د _222 |
| 100 | 1 | _aعبد الغفار، مصطفى. | |
| 245 | 1 | 2 |
_aالحوكمة القضائية : _bمناهج وضع السياسات القضائية وإدارة أعمال المحاكم / _cمصطفى عبد الغفار. |
| 260 |
_aالقاهرة : _bدار النهضة العربية، _c2015. |
||
| 300 |
_a654 ص. ؛ _c24 سم. |
||
| 504 | _aيشتمل على إرجاعات ببليوجرافية. | ||
| 650 | 7 |
_aالقضاء _zمصر. _2BUEsh _931125 |
|
| 650 | 7 |
_aالمحاكم _zمصر _xإدارة. _2BUEsh |
|
| 651 | _2BUEsh | ||
| 653 |
_bLLAAWW _cMarch2017 |
||
| 942 | _2ddc | ||
| 999 |
_c24411 _d24383 |
||